01958cam a22003854i 4500003000900000005001700009008004100026020001800067035002700085035002700112040003300139082001900172100002900191245007300220264007100293300003800364336002100402337002500423338002300448505087500471526001001346526001001356526001001366526001001376526000801386526000801394526000801402526000801410526000801418526000801426526000801434541002401442630004901466630005701515PE-LiUPU20250731173335.0150706s r 000 0 d a9780802828460 a(Sirsi) i9780802828460 a(Sirsi) i9780802828460 aPE-LiUPUbspacPE-LiUPUerda04a225.6bP732211 aPorter, Stanley,eautor.10aHearing the Old Testament in the New Testament /cStanley E. Porter. 1aGrand Rapides, Michigan :bWilliam B. Eerdemans Publishing,c2006. a316 páginas ;c23 centímetros atext2rdacontent aunmediated2rdamedia avolume2rdacarrier0 aThe Use of the Old Testament in the New Testament as a Rhetorical Device -- Biblical Texts and the Scriptures for the New Testament Church -- Scripture, History, Messiah: Scriptural Fulfillment and the Fullness of Time in Matthew's Gospel -- The Beginning of the Good News and the Fulfillment of Scripture in the Gospel of Mark -- Scripture Justifies Mission: The Use of the Old Testament in Luke-Acts.-"They Saw His Glory and Spoke of Him": The Gospel of John and the Old Testament -- Paul Miller -- Written Also for Our Sake: Paul's Use of Scripture in the Four Major Epistles, with a Study of 1 Corinthians -- In the Face of the Empire: Paul's Use of Scripture in the Shorter Epistles Job as Exemplar in the Epistle of James -- The Use of Scripture in the Pastoral and General Epistles andthe Book of Revelation -Hearing the Old Testament through the New: A Response. aSEG42 aSEG41 aSEG40 aSEG39 aP94 aP87 aP86 aP85 aP77 aP76 aP35 g1057695742-4939426; aBiblia.pA.T.xCitas en el Nuevo Testamento. aBiblia.pN.T.xRelación con el Antiguo Testamento.